000 01881nam0a2200349 4500
001 RU\NLR\bibl\1669931
005 20241119192259.0
020 _aRU
_b00-6122
_9Летопись авторефератов диссертаций
021 _aRU
_b2010-6419а
_9257аа
035 _a(NLR Aleph) 001661195
090 _a982717
_c982717
100 _a20100412d2009 u u0rusy50 ca
101 0 _arus
102 _aRU
105 _aa dm |||||
200 1 _aФормирование механизма устойчивого развития производственных субъектов региона
_e(на материалах Кабардино-Балкарской Республики)
_eавтореферат диссертации на соискание ученой степени кандидата экономических наук
_eспециальность 08.00.05 <Экономика и управление народным хозяйством по отраслям и сферам деятельности>
_fШеожев Марат Асланбиевич
_g[Ин-т информатики и проблем регион. упр. КБНЦ РАН]
210 _aНальчик
_d2009
215 _a23 с.
_d21
320 _aБиблиогр.: c. 22-23 (7 назв.)
610 0 _aКабардино-Балкария, экон. науки
675 _a332
_v3
_zrus
686 _a06.61
_2rugasnti
686 _a65
_2rubbk
686 _a08.00.05
_2oksvnk
700 1 _aШеожев
_bМ. А.
_gМарат Асланбиевич
_4070
801 0 _aRU
_bRKP
_c20100412
_gPSBO
801 1 _aRU
_bRKP
_c20100412
801 2 _aRU
_bNLR
_c20100901
_grcr
901 _eАвторефераты
942 _cBOOK
981 1 0 _a(10) Авторефераты